| 000 | 00650nam a2200217 a 4500 | ||
|---|---|---|---|
| 005 | 20240925065042.0 | ||
| 008 | 040119s2002 mx r 000 0 spa d | ||
| 020 | _a8427124538 | ||
| 035 | _aUPN01000131373 | ||
| 049 | _aCG | ||
| 050 | 4 |
_aBF575 A6 _bP3.3 |
|
| 100 | 1 | _aPallarés Molins, Enrique | |
| 245 | 1 | 3 |
_aLa ansiedad : _b¿qué es? problemas ¿cómo manejarla? / _cEnrique Pallarés Molins. |
| 260 |
_aBilbao, Esp. : _bMensajero, _c2002. |
||
| 300 | _a319 p. | ||
| 440 | 0 |
_aTemas de psicología ; _v10 |
|
| 500 | _aDe la portada (Comprender /Saber /Actuar) | ||
| 650 | 7 |
_aAnsiedad _2 _94750 |
|
| 650 | 4 |
_aPsicología _938 |
|
| 905 | _aLibro | ||
| 999 |
_c103528 _d103528 |
||